<?xml version="1.0" encoding="UTF-8"?>
<record
    xmlns:xsi="http://www.w3.org/2001/XMLSchema-instance"
    xsi:schemaLocation="http://www.loc.gov/MARC21/slim http://www.loc.gov/standards/marcxml/schema/MARC21slim.xsd"
    xmlns="http://www.loc.gov/MARC21/slim">

  <leader>00446nam a2200145Ia 4500</leader>
  <datafield tag="041" ind1=" " ind2=" ">
    <subfield code="a">Kurdish</subfield>
  </datafield>
  <datafield tag="082" ind1=" " ind2=" ">
    <subfield code="a">305,892 cut-959 </subfield>
  </datafield>
  <datafield tag="100" ind1=" " ind2=" ">
    <subfield code="a">20260118u\\\\\\\\\\\y0engy0103\\\\ba</subfield>
  </datafield>
  <datafield tag="100" ind1=" " ind2=" ">
    <subfield code="a">&#x633;&#x627;&#x628;&#x6CC;&#x631; &#x695;&#x6D5;&#x634;&#x6CC;&#x62F;</subfield>
  </datafield>
  <datafield tag="245" ind1=" " ind2="0">
    <subfield code="a">&#x626;&#x6D5;&#x646;&#x62A;&#x6C6;&#x644;&#x6C6;&#x62C;&#x6CC;&#x627;&#x649; &#x686;&#x6CC;&#x695;&#x6C6; &#x6A9;&#x646;&#x648;&#x648;&#x633;&#x627;&#x646;&#x649; &#x647;&#x6D5;&#x648;&#x644;&#x6CE;&#x631; 1920 1980 &#x628;&#x6D5;&#x631;&#x6AF;&#x649; &#x633;&#x6CE;&#x6CC;&#x6D5;&#x645;</subfield>
  </datafield>
  <datafield tag="250" ind1=" " ind2=" ">
    <subfield code="a">&#x686;1</subfield>
  </datafield>
  <datafield tag="260" ind1=" " ind2=" ">
    <subfield code="b">&#x686;&#x627;&#x67E;&#x62E;&#x627;&#x646;&#x6D5;&#x6CC;&#x649; &#x62F;&#x627;&#x646;&#x6CC;&#x634;&#x641;&#x6D5;&#x695;</subfield>
    <subfield code="a">&#x647;&#x6D5;&#x648;&#x6B5;&#x6CC;&#x631;</subfield>
    <subfield code="c">2023</subfield>
  </datafield>
  <datafield tag="300" ind1=" " ind2=" ">
    <subfield code="a">499</subfield>
  </datafield>
  <datafield tag="942" ind1=" " ind2=" ">
    <subfield code="c">Bk</subfield>
  </datafield>
  <datafield tag="999" ind1=" " ind2=" ">
    <subfield code="c">188368</subfield>
    <subfield code="d">188368</subfield>
  </datafield>
  <datafield tag="952" ind1=" " ind2=" ">
    <subfield code="0">0</subfield>
    <subfield code="1">0</subfield>
    <subfield code="4">0</subfield>
    <subfield code="7">0</subfield>
    <subfield code="8">300 - 309</subfield>
    <subfield code="a">KOYUCL</subfield>
    <subfield code="b">KOYUCL</subfield>
    <subfield code="c">BK</subfield>
    <subfield code="d">2026-01-18</subfield>
    <subfield code="l">0</subfield>
    <subfield code="o">305,892 cut-959 </subfield>
    <subfield code="p">0000092677</subfield>
    <subfield code="r">2026-01-18</subfield>
    <subfield code="t">1</subfield>
    <subfield code="w">2026-01-18</subfield>
    <subfield code="y">Bk</subfield>
  </datafield>
</record>
